000 00566nam a2200169Ia 4500
003 GCL
008 140319s9999 xx 000 0 ara d
040 _aGCL /
_cGCL
082 0 4 _a953
_bم م
100 1 _aمحمد بن صامل السلمى
245 1 0 _aمنهج كتابةالتاريخ الاسلامى وتدريسه /
_cمحمد بن صامل السلمى
260 _a[S.N] :
_bدار الوفاء للطباعة والنشر والتوزيع ،
_c1988
300 _a299 ص
490 _a
650 0 4 _aالتاريخ الاسلامى
942 _2ddc
_cBK
999 _c36691
_d36691